[Event "TUR-chT 2nd League"]
[Site "Denizli"]
[Date "2023.07.09"]
[Round "1.33"]
[White "Ertan, Can"]
[Black "Ozkeskin, Nazim Efe"]
[Result "1/2-1/2"]
[WhiteElo "2364"]
[BlackElo "1737"]
[PlyCount "123"]
[EventDate "2023.07.09"]
[EventType "team-swiss"]
[EventRounds "9"]
[EventCountry "TUR"]
[SourceTitle "CBM 215 Extra"]
[Source "ChessBase"]
[SourceDate "2023.09.30"]
[SourceVersion "1"]
[SourceVersionDate "2023.09.30"]
[SourceQuality "1"]
[WhiteTeam "Moda"]
[BlackTeam "Cesme Belediye"]
[WhiteTeamCountry "TUR"]
[BlackTeamCountry "TUR"]

1. e4 c6 2. d4 d5 3. e5 Bf5 4. Nf3 e6 5. Be2 c5 6. c4 dxc4 7. Bxc4 Nc6 8. Be3 cxd4 9. Nxd4 Bb4+ 10. Nc3 Nge7 11. 0-0 0-0 12. f4 Nxd4 13. Qxd4 Qxd4 14. Bxd4 Rfd8 15. Bf2 Rac8 16. Rfd1 Rxd1+ 17. Rxd1 Ng6 18. Bf1 Nxf4 19. Rd7 h6 20. Rxb7 Bxc3 21. bxc3 Rxc3 22. Rb4 Ne2+ 23. Bxe2 Rc1+ 24. Be1 Rxe1+ 25. Kf2 Rb1 26. Ra4 Rb7 27. g4 Bb1 28. Ke3 Kf8 29. Bc4 Ke7 30. Bb3 Rc7 31. h4 Bh7 32. Rb4 Rc3+ 33. Kf4 Rc7 34. Rb8 Bd3 35. Rg8 Rd7 36. Ke3 Bb1 37. Ra8 f6 38. exf6+ Kxf6 39. Re8 Re7 40. Rf8+ Ke5 41. Rb8 Be4 42. Rf8 Bd5 43. Bxd5 exd5 44. Kd3 Rb7 45. Rf5+ Kd6 46. g5 hxg5 47. Rxg5 Kc5 48. h5 Rf7 49. Rg3 a5 50. Kc3 Re7 51. Kd3 Rf7 52. Kc3 Re7 53. Kd3 Re5 54. Rxg7 Rxh5 55. Rc7+ Kb4 56. Kd4 a4 57. Rc2 Ka3 58. Kc5 Rg5 59. Rh2 Rg1 60. Kxd5 Ra1 61. Kc4 Rxa2 62. Rh3+ 1/2-1/2

[Event "Hamburg HSK Christmas op"]
[Site "Hamburg"]
[Date "2022.12.30"]
[Round "7"]
[White "Colpe, Malte"]
[Black "Ertan, Can"]
[Result "1/2-1/2"]
[WhiteElo "2355"]
[BlackElo "2352"]
[PlyCount "129"]
[EventDate "2022.12.27"]
[EventType "swiss"]
[EventRounds "7"]
[EventCountry "GER"]
[SourceTitle "EXT 2024"]
[Source "ChessBase"]
[SourceDate "2023.10.10"]
[SourceVersion "1"]
[SourceVersionDate "2023.10.10"]
[SourceQuality "1"]

1. d4 Nf6 2. c4 e6 3. Nf3 b6 4. a3 Bb7 5. Bf4 d5 6. cxd5 exd5 7. Qa4+ c6 8. e3 Bd6 9. Bxd6 Qxd6 10. Be2 0-0 11. 0-0 a5 12. Nc3 Ba6 13. Bxa6 Rxa6 14. Ne5 b5 15. Qc2 Nbd7 16. Nf3 Nb6 17. a4 Rc8 18. Qd3 Raa8 19. axb5 cxb5 20. Qxb5 Nc4 21. Ne5 Nxe5 22. dxe5 Qxe5 23. Rxa5 Rab8 24. Qe2 Rb4 25. Rd1 Rcb8 26. Rd2 Qc7 27. Ra1 Qb7 28. Rad1 Rxb2 29. Rxb2 Qxb2 30. Qxb2 Rxb2 31. f3 h5 32. Nxd5 Nxd5 33. Rxd5 g6 34. h4 Kg7 35. e4 Kf6 36. Kh2 Rc2 37. Ra5 Rb2 38. Ra7 Rc2 39. Kh3 Rf2 40. Ra6+ Ke5 41. Kg3 Rb2 42. Ra5+ Kf6 43. Kh3 Rf2 44. Ra7 Ke6 45. e5 Re2 46. f4 Re3+ 47. Kh2 Rb3 48. Ra6+ Ke7 49. Rf6 Re3 50. Kg1 Re1+ 51. Kf2 Rh1 52. g3 Rh2+ 53. Kf3 Ra2 54. f5 Ra3+ 55. Kf4 Ra4+ 56. Kg5 Rg4+ 57. Kh6 gxf5 58. Rxf5 Rxg3 59. Kxh5 Ke6 60. Rf6+ Kxe5 61. Rxf7 Ke6 62. Rf1 Rg7 63. Rf4 Ke5 64. Rf1 Ke6 65. Rf2 1/2-1/2

[Event "EU-Cup 37th"]
[Site "Mayrhofen"]
[Date "2022.10.04"]
[Round "2.2"]
[White "Ertan, Can"]
[Black "Iskandarov, Misratdin"]
[Result "1/2-1/2"]
[WhiteElo "2372"]
[BlackElo "2601"]
[PlyCount "91"]
[EventDate "2022.10.03"]
[EventType "team-swiss"]
[EventRounds "7"]
[EventCountry "AUT"]
[SourceTitle "CBM 210 Extra"]
[Source "ChessBase"]
[SourceDate "2022.11.30"]
[SourceVersion "1"]
[SourceVersionDate "2022.11.30"]
[SourceQuality "1"]
[WhiteTeam "Stockholm SS"]
[BlackTeam "Vugar Gashimov"]
[WhiteTeamCountry "SWE"]
[BlackTeamCountry "AZE"]

1. e4 c5 2. Nf3 d6 3. d4 cxd4 4. Nxd4 Nf6 5. Nc3 a6 6. Be2 e5 7. Nb3 Be7 8. 0-0 Be6 9. f4 Qc7 10. a4 Nbd7 11. a5 Rc8 12. Kh1 0-0 13. g4 exf4 14. Nd4 Ne5 15. g5 Nfd7 16. Bxf4 Rfe8 17. Nxe6 fxe6 18. Qb1 Qc6 19. Qa2 Nc5 20. Bc4 Nxc4 21. Qxc4 Bf8 22. Rad1 b5 23. axb6 Qxb6 24. Na4 Nxa4 25. Qxa4 Qxb2 26. Bxd6 Qxc2 27. Qxc2 Rxc2 28. e5 Rd8 29. Rf3 Rc6 30. Rfd3 Bxd6 31. exd6 Kf7 32. Kg2 e5 33. d7 Ke7 34. Rd5 Ke6 35. Kf3 Kf5 36. h4 Rc3+ 37. Kg2 Rc4 38. Kg3 Rg4+ 39. Kh3 Re4 40. Rc5 Ke6 41. Rc6+ Ke7 42. Rxa6 Rd4 43. Re1 Rd5 44. g6 hxg6 45. Rxg6 Kf7 46. Rg5 1/2-1/2

[Event "GER-CupT 2122 Round2 (3)"]
[Site "Viernheim"]
[Date "2022.05.21"]
[Round "1.3"]
[White "Ertan, Can"]
[Black "Zaragatski, Ilja"]
[Result "0-1"]
[WhiteElo "2381"]
[BlackElo "2507"]
[PlyCount "100"]
[EventDate "2022.05.21"]
[EventType "team-k.o."]
[EventRounds "2"]
[EventCountry "GER"]
[SourceTitle "EXT 2023"]
[Source "ChessBase"]
[SourceDate "2022.10.05"]
[SourceVersion "1"]
[SourceVersionDate "2022.10.05"]
[SourceQuality "1"]
[WhiteTeam "St Pauli"]
[BlackTeam "Viernheim"]
[WhiteTeamCountry "GER"]
[BlackTeamCountry "GER"]

1. e4 e6 2. d4 d5 3. Nc3 Nc6 4. Nf3 Nf6 5. Bg5 Be7 6. e5 Ne4 7. Bxe7 Qxe7 8. Bd3 Qb4 9. Bxe4 dxe4 10. Ng5 Qxd4 11. Qxd4 Nxd4 12. 0-0-0 Nc6 13. Nb5 Ke7 14. Nxc7 Rb8 15. Nb5 Nxe5 16. Rhe1 f5 17. f3 Kf6 18. h4 h6 19. Nh3 exf3 20. Nf4 g5 21. Nh5+ Kg6 22. Rxe5 Kxh5 23. gxf3 gxh4 24. Nd6 Rd8 25. Re2 b6 26. Rd4 Bb7 27. Rh2 Rxd6 28. Rxd6 Bd5 29. Kd2 Rg8 30. c4 Bxf3 31. Rxe6 Rg3 32. b4 h3 33. Ke3 Be4+ 34. Kf2 Rf3+ 35. Kg1 Rg3+ 36. Kf2 Rc3 37. c5 bxc5 38. bxc5 Bg2 39. Re7 f4 40. Rxg2 Rc2+ 41. Re2 Rxe2+ 42. Kxe2 hxg2 43. Kf2 Kg4 44. c6 Kh3 45. c7 Kh2 46. c8Q g1Q+ 47. Ke2 Qg2+ 48. Kd1 f3 49. Qc7+ Kh1 50. Qc6 h5 0-1

[Event "Titled Tuesday intern op 05th Oct"]
[Site "Chess.com INT"]
[Date "2021.10.05"]
[Round "10"]
[White "Lewtak, Damian"]
[Black "Ertan, Can"]
[Result "0-1"]
[WhiteElo "2379"]
[BlackElo "2371"]
[PlyCount "68"]
[EventDate "2021.10.05"]
[EventType "swiss (blitz)"]
[EventRounds "11"]
[EventCountry "USA"]
[SourceTitle "CBM 204 Extra"]
[Source "ChessBase"]
[SourceDate "2021.11.30"]
[SourceVersion "1"]
[SourceVersionDate "2021.11.30"]
[SourceQuality "1"]

1. d4 Nf6 2. c3 e6 3. Bf4 b6 4. e3 Bb7 5. h3 c5 6. Nd2 d5 7. Ngf3 Bd6 8. Bb5+ Bc6 9. Qa4 Qd7 10. Bxc6 Nxc6 11. Bxd6 Qxd6 12. Ne5 Rc8 13. Ndf3 0-0 14. 0-0 Nxe5 15. Nxe5 Qc7 16. f3 Rfd8 17. Rfd1 Nd7 18. Nd3 e5 19. dxe5 Nxe5 20. Nxe5 Qxe5 21. Kf2 Rd6 22. Qxa7 Rg6 23. f4 Qe4 24. g4 d4 25. Qd7 Qxe3+ 26. Kg2 Qe2+ 27. Kg1 Qe3+ 28. Kg2 Qe4+ 29. Kg1 Rf8 30. Re1 Qxf4 31. Re8 Re6 32. Rxe6 Qg3+ 33. Kh1 Qxh3+ 34. Kg1 Qxg4+ 0-1

[Event "Titled Tuesday intern op 05th Oct"]
[Site "Chess.com INT"]
[Date "2021.10.05"]
[Round "2"]
[White "Schut, Han"]
[Black "Ertan, Can"]
[Result "0-1"]
[WhiteElo "2101"]
[BlackElo "2371"]
[PlyCount "74"]
[EventDate "2021.10.05"]
[EventType "swiss (blitz)"]
[EventRounds "11"]
[EventCountry "USA"]
[SourceTitle "CBM 204 Extra"]
[Source "ChessBase"]
[SourceDate "2021.11.30"]
[SourceVersion "1"]
[SourceVersionDate "2021.11.30"]
[SourceQuality "1"]

1. e4 e5 2. Nf3 Nc6 3. Bc4 Bc5 4. c3 Nf6 5. d4 exd4 6. b4 Bb6 7. e5 d5 8. exf6 dxc4 9. Qe2+ Be6 10. b5 d3 11. Qe4 Na5 12. fxg7 Rg8 13. Bg5 Qd5 14. Qxh7 f6 15. Bxf6 Bf5 16. Qh5+ Kd7 17. 0-0 Rae8 18. Nbd2 Qxb5 19. Rfe1 Kc8 20. Rxe8+ Rxe8 21. Qh8 Be6 22. Re1 Bg8 23. Qh3+ Kb8 24. Ne5 Re6 25. Qh8 Qe8 26. Nd7+ Kc8 27. Rxe6 Qxe6 28. Ne5 Nc6 29. Kf1 Bxf2 30. Kxf2 Qxf6+ 31. Ndf3 Ne7 32. Qh3+ Be6 33. g8Q+ Nxg8 34. Qh7 Ne7 35. Ke3 Bf5 36. Qh5 Nd5+ 37. Kd2 Bd7 0-1

[Event "Titled Tuesday intern op 05th Oct"]
[Site "Chess.com INT"]
[Date "2021.10.05"]
[Round "5"]
[White "Tasev, Dejan"]
[Black "Ertan, Can"]
[Result "1-0"]
[WhiteElo "2305"]
[BlackElo "2371"]
[PlyCount "61"]
[EventDate "2021.10.05"]
[EventType "swiss (blitz)"]
[EventRounds "11"]
[EventCountry "USA"]
[SourceTitle "CBM 204 Extra"]
[Source "ChessBase"]
[SourceDate "2021.11.30"]
[SourceVersion "1"]
[SourceVersionDate "2021.11.30"]
[SourceQuality "1"]

1. e4 e5 2. Nf3 Nc6 3. Bc4 Bc5 4. d3 d6 5. h3 Nf6 6. Nc3 Na5 7. Bb3 Nxb3 8. axb3 a6 9. Be3 Bxe3 10. fxe3 0-0 11. 0-0 d5 12. exd5 Nxd5 13. Nxd5 Qxd5 14. e4 Qc5+ 15. Kh2 f5 16. exf5 Bxf5 17. Nd2 Rad8 18. Ra4 Rd4 19. Rc4 Qd6 20. Kh1 b5 21. Rxd4 Qxd4 22. Qf3 h6 23. Kh2 Qxb2 24. Qd5+ Kh7 25. Qc5 Rf6 26. g4 Bxd3 27. Rxf6 gxf6 28. Qe7+ Kg6 29. Qe8+ Kg5 30. Qh5+ Kf4 31. Qxh6# 1-0

[Event "SWE-chT 1920 Elite"]
[Site "Sweden"]
[Date "2020.10.20"]
[Round "9.5"]
[White "Lundstedt, Peter"]
[Black "Ertan, Can"]
[Result "1/2-1/2"]
[WhiteElo "2074"]
[BlackElo "2388"]
[PlyCount "114"]
[EventDate "2019.10.18"]
[EventType "team-tourn"]
[EventRounds "9"]
[EventCountry "SWE"]
[SourceTitle "EXT 2022"]
[Source "ChessBase"]
[SourceDate "2021.10.06"]
[SourceVersion "1"]
[SourceVersionDate "2021.10.06"]
[SourceQuality "1"]
[WhiteTeam "Vaxjo"]
[BlackTeam "Stockholm CC"]
[WhiteTeamCountry "SWE"]
[BlackTeamCountry "SWE"]

1. d4 Nf6 2. Nf3 e6 3. g3 b5 4. Bg2 Bb7 5. 0-0 c5 6. Bg5 h6 7. Bxf6 Qxf6 8. Nc3 a6 9. e4 b4 10. e5 Qd8 11. Na4 cxd4 12. Qxd4 d5 13. exd6 Qxd6 14. Qe3 Qc7 15. Rfd1 Nd7 16. c3 Nc5 17. Nxc5 Bxc5 18. Qe1 Qa5 19. cxb4 Bxb4 20. Qe5 0-0 21. Qxa5 Bxa5 22. Ne5 Bxg2 23. Kxg2 Rac8 24. Rac1 Rc7 25. Nc6 Bb6 26. b4 Kh7 27. Ne5 Rxc1 28. Rxc1 Bd4 29. Nd7 Ra8 30. Rc4 e5 31. Rc7 Kg6 32. Nc5 Bxc5 33. Rxc5 Kf5 34. Kf3 h5 35. h3 Ke6 36. Ra5 Rc8 37. Rxa6+ Kd5 38. Ra5+ Kd4 39. Rc5 Ra8 40. Rc2 Ra3+ 41. Ke2 Ra4 42. Rd2+ Kc4 43. Rd7 Rxa2+ 44. Ke3 f5 45. Rxg7 Kxb4 46. Rg5 Ra3+ 47. Ke2 f4 48. gxf4 exf4 49. Rxh5 f3+ 50. Kd2 Kc4 51. Rh4+ Kc5 52. Re4 Kd5 53. Rb4 Kc5 54. Rg4 Kd5 55. h4 Ke5 56. h5 Ra2+ 57. Ke3 Ra3+ 1/2-1/2

[Event "SWE-chT 1920 Elite"]
[Site "Sweden"]
[Date "2020.10.18"]
[Round "7.2"]
[White "Ahlander, Bjorn"]
[Black "Ertan, Can"]
[Result "0-1"]
[WhiteElo "2399"]
[BlackElo "2388"]
[PlyCount "176"]
[EventDate "2019.10.18"]
[EventType "team-tourn"]
[EventRounds "9"]
[EventCountry "SWE"]
[SourceTitle "EXT 2022"]
[Source "ChessBase"]
[SourceDate "2021.10.06"]
[SourceVersion "1"]
[SourceVersionDate "2021.10.06"]
[SourceQuality "1"]
[WhiteTeam "Lunds"]
[BlackTeam "Stockholm CC"]
[WhiteTeamCountry "SWE"]
[BlackTeamCountry "SWE"]

1. d4 Nf6 2. c4 e6 3. g3 d5 4. Bg2 dxc4 5. Nf3 Bb4+ 6. Bd2 a5 7. 0-0 0-0 8. Na3 Bxa3 9. bxa3 Nc6 10. e3 Qd6 11. Qc1 Rd8 12. Rd1 e5 13. dxe5 Nxe5 14. Nxe5 Qxe5 15. Bc3 Rxd1+ 16. Qxd1 Qe7 17. Qd4 c6 18. Qxc4 Qxa3 19. Bd4 Be6 20. Qc2 Rd8 21. Rb1 Bc8 22. Bxf6 gxf6 23. Be4 h6 24. Bf5 Bxf5 25. Qxf5 Qxa2 26. Qg4+ Kf8 27. Rxb7 Qc2 28. Kg2 f5 29. Qh4 Qe4+ 30. Qxe4 fxe4 31. Ra7 Rd5 32. g4 h5 33. Kg3 hxg4 34. Kxg4 Kg7 35. Kf4 Rd2 36. Rxa5 Rxf2+ 37. Kxe4 Rxh2 38. Ra7 Kf6 39. Kd3 Rh1 40. Rc7 Rc1 41. Ke4 Ke6 42. Rc8 Kd6 43. Rf8 Rf1 44. Kd4 Rd1+ 45. Ke4 Ke7 46. Rc8 Kd7 47. Rf8 Ke6 48. Re8+ Kf6 49. Rc8 Rd6 50. Kf4 Kg6 51. e4 Rf6+ 52. Ke5 Re6+ 53. Kf4 Rf6+ 54. Ke5 Kg5 55. Rc7 Re6+ 56. Kd4 f6 57. Rh7 c5+ 58. Kd3 c4+ 59. Kd4 c3 60. Rh1 c2 61. Rc1 Kf4 62. Rf1+ Kg3 63. Rc1 Kf3 64. Kd3 Rd6+ 65. Kc3 Rc6+ 66. Kd3 Rd6+ 67. Kc3 Kxe4 68. Re1+ Kf3 69. Kxc2 f5 70. Rf1+ Kg4 71. Rg1+ Kh3 72. Rf1 Rd5 73. Rh1+ Kg2 74. Rh5 Kg3 75. Rg5+ Kf4 76. Rg1 Ke3 77. Rg5 Ke4 78. Kc3 Rd8 79. Rg2 f4 80. Rh2 Ke3 81. Rh7 Rc8+ 82. Kb2 f3 83. Re7+ Kd2 84. Rd7+ Ke1 85. Re7+ Kf1 86. Re6 f2 87. Rf6 Re8 88. Kc2 Ke2 0-1

[Event "Lueneburg IM"]
[Site "Lueneburg"]
[Date "2019.08.10"]
[Round "9"]
[White "Aarav, Dengla"]
[Black "Ertan, Can"]
[Result "0-1"]
[WhiteElo "2051"]
[BlackElo "2400"]
[PlyCount "76"]
[EventDate "2019.08.02"]
[EventType "tourn"]
[EventRounds "9"]
[EventCountry "GER"]
[EventCategory "1"]
[SourceTitle "CBM 191 Extra"]
[Source "ChessBase"]
[SourceDate "2019.09.30"]
[SourceVersion "1"]
[SourceVersionDate "2019.09.30"]
[SourceQuality "1"]

1. e4 e5 2. Nf3 Nc6 3. Bb5 a6 4. Ba4 Nf6 5. 0-0 Nxe4 6. d4 b5 7. Bb3 d5 8. dxe5 Be6 9. Nbd2 Nc5 10. c3 d4 11. cxd4 Nxd4 12. Nxd4 Qxd4 13. Bxe6 fxe6 14. Qf3 Qd5 15. Qxd5 exd5 16. Nb3 0-0-0 17. Nxc5 Bxc5 18. Bd2 Rhf8 19. Rac1 Bb6 20. Bb4 Rf5 21. e6 Re8 22. e7 d4 23. g4 Rg5 24. h3 a5 25. Bd2 Re5 26. b4 a4 27. Bf4 Re2 28. Bg5 h6 29. Bh4 g5 30. Bg3 d3 31. Rcd1 d2 32. Kg2 R8xe7 33. Kf3 Bd4 34. a3 Bb2 35. h4 Bxa3 36. hxg5 hxg5 37. Kg2 Bxb4 38. Kg1 Bc5 0-1

[Event "Lueneburg op-A"]
[Site "Lueneburg"]
[Date "2019.08.10"]
[Round "8"]
[White "Ertan, Can"]
[Black "Feuerstack, Aljoscha"]
[Result "0-1"]
[WhiteElo "2400"]
[BlackElo "2450"]
[PlyCount "60"]
[EventDate "2019.08.03"]
[EventType "swiss"]
[EventRounds "9"]
[EventCountry "GER"]
[SourceTitle "CBM 191 Extra"]
[Source "ChessBase"]
[SourceDate "2019.09.30"]
[SourceVersion "1"]
[SourceVersionDate "2019.09.30"]
[SourceQuality "1"]

1. e4 c6 2. d4 d5 3. e5 Bf5 4. Nf3 e6 5. Be2 Ne7 6. 0-0 Bg6 7. Nbd2 Nf5 8. Nb3 Nd7 9. a4 a6 10. a5 c5 11. c4 dxc4 12. Bxc4 cxd4 13. g4 Nh4 14. Nbxd4 Bc5 15. Qa4 Bxd4 16. Nxd4 0-0 17. Be2 Nxe5 18. Ra3 Rc8 19. Rd1 Qd5 20. Rg3 Rfd8 21. f4 Bd3 22. Nf5 exf5 23. fxe5 Rxc1 24. Rxc1 Bxe2 25. gxf5 Nxf5 26. Rgc3 Qxe5 27. Qd7 Rf8 28. Re1 Nd4 29. Qxb7 Qf4 30. Kg2 Qd2 0-1

[Event "TUR-chT"]
[Site "Konya"]
[Date "2019.07.28"]
[Round "13.4"]
[White "Ertan, Can"]
[Black "Heberla, Bartlomiej"]
[Result "0-1"]
[WhiteElo "2396"]
[BlackElo "2534"]
[PlyCount "54"]
[EventDate "2019.07.17"]
[EventType "team-tourn"]
[EventRounds "13"]
[EventCountry "TUR"]
[SourceTitle "CBM 191 Extra"]
[Source "ChessBase"]
[SourceDate "2019.09.30"]
[SourceVersion "1"]
[SourceVersionDate "2019.09.30"]
[SourceQuality "1"]
[WhiteTeam "Karaman Belediye"]
[BlackTeam "Turk Hava Yollari"]
[WhiteTeamCountry "TUR"]
[BlackTeamCountry "TUR"]

1. e4 c5 2. Nf3 d6 3. d4 cxd4 4. Nxd4 Nf6 5. Nc3 a6 6. Be2 Nbd7 7. f4 g6 8. 0-0 Bg7 9. Be3 0-0 10. a4 Re8 11. Bc4 e6 12. Ba2 b6 13. e5 dxe5 14. fxe5 Nxe5 15. Bg5 Bb7 16. Nxe6 fxe6 17. Qxd8 Raxd8 18. Rxf6 Bxf6 19. Bxf6 Rd2 20. Re1 Rxg2+ 21. Kf1 Ng4 22. Rxe6 Rxe6 23. Bxe6+ Kf8 24. Bxg4 Rxg4 25. Be5 Be4 26. Nxe4 Rxe4 27. Bc7 Rc4 0-1